Statistics for Top 2000s TV Shows Quiz

Click here to take the quiz!

General Stats

  • This quiz has been taken 54,562 times
    (37,577 since last reset)
  • The average score is 11 of 26

Answer Stats

ClueShow% Correct
SingingAmerican Idol
91%
ForensicsCSI
85%
DancingDancing With the Stars
85%
How YOU doin'?Friends
74%
MedicineGrey's Anatomy
67%
IslandSurvivor
66%
Crime & PunishmentLaw & Order
62%
Final AnswerWho Wants to Be
a Millionaire
57%
MedicineER
54%
ForensicsNCIS
50%
FiredThe Apprentice
45%
MedicineHouse
42%
ForensicsCSI: Miami
41%
PresidentThe West Wing
32%
SuburbsDesperate Housewives
31%
Gay CharacterWill & Grace
31%
BaroneEverybody Loves Raymond
29%
Are you ready
for some?
Monday Night Football
28%
Jingle WriterTwo and a Half Men
25%
Al MichaelsSunday Night Football
19%
Mind GamesThe Mentalist
12%
SupervisorUndercover Boss
10%
Missing PersonsWithout a Trace
9%
ForensicsNCIS: LA
8%
LegalThe Practice
8%
Rich Guy RealityJoe Millionaire
5%

Score Distribution

Percentile by Number Answered

Percent of People with Each Score

Your Score History

You have not taken this quiz since the last reset